Statistics for Nobel Prize Winners by Picture

Click here to take the quiz!

General Stats

  • This quiz has been taken 65 times
  • The average score is 6 of 10

Answer Stats

Answer% Correct
Albert Einstein
100%
Martin Luther King Jr.
97%
Marie Curie
94%
Mother Teresa
85%
Red Cross
85%
Alexander Fleming
47%
James Watson
24%
Jean-Paul Sartre
12%
Werner Heisenberg
12%
Hermann Muller
0%

Score Distribution

Percentile by Number Answered

Percent of People with Each Score

Your Score History

You have not taken this quiz